Представление документа в формате RUSMARC

ПолеНазваниеЗначение
  Тип записи a
  Библиографический уровень a
001 Контрольный номер RU/УОНБ/EK_Kray/472320064
005 Дата корректировки 20240131005052.7
100 Данные общей обработки __
a Данные общей обработки 20141219d2014 ||| 0rusy0189 ca
101 Язык документа 0_
a Язык текста rus
102 Страна публикации __
a Страна публикации RU
105 Кодированные данные (монография) __
a Кодированные данные (монография) y###||||000|y
200 Заглавие и сведения об ответственности 1_
a Заглавие Военная история строкой архивных документов
f Первые сведения об ответственности Антон Шабалкин
215 Физическое описание __
c Иллюстрации/тип воспроизводства 4 фот.
330 Аннотация __
a Аннотация Симбиряне-участники военных компаний: Баюш Разгильдеев, Кикины, И.Г. Шалимов, П.Н. Ивашев.
461 Уровень набора _0
1 2000
a Мономах
1 011
463 Уровень физической единицы _0
1 001RU/УОНБ/EK_Kray/471702056
1 2000
a № 6
v С. 56-59
1 210
d 2014
600 Персоналии _1
a Персоналии (Фамилия) Разгильдеев, Баюш
600 Персоналии _1
a Персоналии (Фамилия) Кикины
600 Персоналии _1
a Персоналии (Фамилия) Шалимов, Иван Гаврилович
600 Персоналии _1
a Персоналии (Фамилия) Ивашев, Петр Никифорович
610 Ключевые слова 0_
a Ключевые слова военная история
686 Индексы других классификаций __
a Классификационный индекс 63.30
2 Код системы rubbk
700 Автор _1
a Фамилия Шабалкин
b Имя (инициалы) А.
g Полное личное имя Антон
4 Код отношения 070
801 Источник записи _0
a Страна RU
b Организация Ульяновская ОНБ
c Дата составления 20141219
g Правила каталогизации RCR
801 Источник записи _1
a Страна RU
b Организация Ульяновская ОНБ
c Дата составления 20141219
g Правила каталогизации RCR
901 Тип документа __
t Тип документа b
w Контрольный № источника RU/УОНБ/EK_Kray/471702056
909 Создатель записи __
a Создатель записи Бороденкова
938 Служебная информация __
a Имя БД kraeved_work
b Имя библиотеки УОНБ
c Имя АИБС МАРК-SQL
d Номер DOC_ID в БД 108871